Small Data (Registro nro. 35608)

Detalles MARC
000 -CABECERA
Longitud fija campo de control 00786nam a22002417a 4500
003 - IDENTIFICADOR DELl NÚMERO DE CONTROL
Identificador del número de control OSt
005 - FECHA Y HORA DE LA ÚLTIMA TRANSACCIÓN
Fecha y hora de la última transacción 20250206062538.0
008 - CÓDIGOS DE INFORMACIÓN DE LONGITUD FIJA
Códigos de información de longitud fija 250128b ||||| |||| 00| 0 eng d
020 ## - NÚMERO INTERNACIONAL NORMALIZADO PARA LIBROS
Número Internacional Normalizado para Libros (ISBN) 978-950-12-9396-8
040 ## - FUENTE DE LA CATALOGACIÓN
Centro catalogador de origen BMC
Centro transcriptor BMC
082 ## - NÚMERO DE LA CLASIFICACIÓN DECIMAL DEWEY
Númeroo de clasificación 658.04
100 1# - PUNTO DE ACCESO PRINCIPAL-NOMBRE DE PERSONA
Nombre de persona Lindstrom, Martin
9 (RLIN) 49199
245 10 - MENCIÓN DE TÍTULO
Título Small Data
Resto del título : las pequeñas pistas que revelan grandes tendencias
Mención de responsabilidad, etc. Martin Lindstrom; traducción, Gustavo Teruel; [Prólogo, Chip Heath]
250 ## - MENCIÓN DE EDICIÓN
Mención de edición 1° ed.
260 ## - PUBLICACIÓN, DISTRIBUCIÓN, ETC. (PIE DE IMPRENTA)
Lugar de publicación, distribución, etc. Buenos Aires
Nombre del editor, distribuidor, etc. Paidós
Fecha de publicación, distribución, etc. 2016
300 ## - DESCRIPCIÓN FÍSICA
Extensión 332 p.
Dimensiones 23 cm
490 ## - MENCIÓN DE SERIE
Mención de serie Paidós Empresa
546 ## - NOTA DE LENGUA
Nota de lengua Traducción de: Small data. The tiny clues that uncover huge trends
650 24 - PUNTO DE ACCESO ADICIONAL DE MATERIA - TÉRMINO DE MATERIA
9 (RLIN) 3341
Término de materia o nombre geográfico como elemento inicial Gestión de empresas
700 1# - PUNTO DE ACCESO ADICIONAL - NOMBRE DE PERSONA
9 (RLIN) 49200
Nombre de persona Teruel, Gustavo
700 1# - PUNTO DE ACCESO ADICIONAL - NOMBRE DE PERSONA
9 (RLIN) 49201
Nombre de persona Chip Heath
942 ## - ENTRADA DE ELEMENTOS AGREGADOS (KOHA)
Fuente de clasificaión o esquema Dewey Decimal Classification
Koha [por defecto] tipo de item 1- Monografias
Existencias
Suprimido Perdido Fuente de clasificación o esquema Estropeado Restricciones de uso No para préstamo Código de colección Localización permanente Localización actual Localización en estanter&íacute;as Fecha adquisición Fuente de adquisición Número de inventario Préstamos totales Signatura completa Código de barras Fecha última consulta Coste, precio reemplazado Fecha del precio de reemplazo Tipo de item de Koha
NULL NULL Dewey Decimal Classification NULL Prestable NULL NULL Biblioteca Miguel de Cervantes - UNICAES Biblioteca Miguel de Cervantes - UNICAES Sala Principal 21/01/2025 Compra-Facultad de Ingeniería y Arquitectura 036238   658.04 LIN sma 1052921 29/01/2025 140.00 29/01/2025 1- Monografias
NULL NULL Dewey Decimal Classification NULL Prestable NULL NULL Biblioteca Miguel de Cervantes - UNICAES Biblioteca Miguel de Cervantes - UNICAES Sala Principal 21/01/2025 Compra-Facultad de Ingeniería y Arquitectura 036239   658.04 LIN sma 1052922 29/01/2025 140.00 29/01/2025 1- Monografias
NULL NULL Dewey Decimal Classification NULL Prestable NULL NULL Biblioteca Miguel de Cervantes - UNICAES Biblioteca Miguel de Cervantes - UNICAES Sala Principal 21/01/2025 Compra-Facultad de Ingeniería y Arquitectura 036240   658.04 LIN sma 1052923 29/01/2025 140.00 29/01/2025 1- Monografias